000 00646nam a2200241 i 4500
001 C2-0226340
003 PPAK
005 20180728154156.0
008 000621s1995 caua|||| ||||| | eng d
020 _a0871563657
040 _aPPAK
_beng
_cPPAK
_erda
082 0 4 _a599.88
_223
090 0 0 _a599.88
_bGRA
_dRK
100 1 _aGrace, Eric S.,
_eauthor
245 1 0 _aApes
264 1 _aSan Francisco :
_bSierra Club Books for Children ,
_c1995
300 _a64 pages :
_bcolour illustrations ;
_c28 cm
336 _2rdacontent
_atext
337 _2rdamedia
_aunmediated
338 _2rdacarrier
_avolume
650 1 0 _aApes
942 _ddc
_cB
999 _c146740
_d146740